000 03044nam0a2200397 4500
001 RU\NLR\BIBL_A\022318338
005 20250113170731.0
010 _a978-5-907830-36-3
_9500
021 _aRU
_bКН-П-24-043745
_9КН-П-24-4359
035 _a(NLR Aleph) 022318338
090 _a13324867
_c13324867
100 _a20240911d2024 k y0rusy50 ca
101 0 _arus
102 _aRU
105 _aa z 100zy
181 0 _ai3
_baxxe
182 0 _an
200 1 _aПсихолого-педагогические исследования - Тульскому региону
_eсборник материалов IV Региональной научно-практической конференции молодых учёных (Тула, 16 мая 2024 г.)
_fМинпросвещения России, Федеральное государственное бюджетное образовательное учреждение высшего образования "Тульский государственный педагогический университет имени Л. Н. Толстого", Региональное отделение Федерации психологов образования России
_gредакционная коллегия: Пазухина Светлана Вячеславовна, д-р психол. наук, доцент [и др.]
203 _aТекст
_bвизуальный
_cнепосредственный
210 _aЧебоксары
_cСреда
_d2024
215 _a451 с.
_cил.
_d20
320 _aБиблиогр. в конце докл.
606 1 _aПедагоги-психологи
_jСъезды, совещания и т.п
_xМетодика работы
_92284462
_3RU\NLR\AUTH\6601596476
606 1 _aОбразовательные учреждения
_jСъезды, совещания и т.п
_xУчебно-воспитательная работа
_92393954
_3RU\NLR\AUTH\661427428
606 1 _aОбразование
_jСъезды, совещания и т.п
_xПсихологические исследования
_91495426
_3RU\NLR\AUTH\66645868
686 1 _aЧ421.421психолог.я431
686 1 _aЧ31я431
686 1 _aЮ940я431
686 1 _aЮ984.0я431
702 1 _aПазухина
_bС. В.
_gСветлана Вячеславовна
_4340
711 1 2 _a"Психолого-педагогические исследования - Тульскому региону", региональная научно-практическая конференция магистрантов, аспирантов, стажеров
_d4
_eТула
_f2024
_9887515
_3RU\NLR\AUTH\880615664
712 0 2 _4570
_aТульский государственный педагогический университет им. Л. Н. Толстого
_9548005
_3RU\NLR\AUTH\8810024887
942 _cBOOK
980 _aNB